| 000 | 00623nam a22001937a 4500 | ||
|---|---|---|---|
| 999 |
_c167931 _d167931 |
||
| 005 | 20190923170236.0 | ||
| 010 | _aB-730158 | ||
| 020 |
_c299.00 _a9789387103054 |
||
| 035 | _aB-730158 | ||
| 037 | _bDuckbill Books | ||
| 082 | _a649.1 | ||
| 100 | _aAditi Krishnakumar | ||
| 245 |
_aThe magicians of madh / _cby Aditi Krishnakumar |
||
| 260 |
_bDuckbill Books _aChennai _c2018 |
||
| 270 |
_bChennai _aF2, Oyster Operaa, 35/36 Gangai Street Kalakshetra Colony _e600090 |
||
| 300 |
_a213p.: _c20cm(pbk) _bill. |
||
| 942 |
_2ddc _cCH _mADI _hN |
||